000 00572nam a2200193 4500
001 139624
003 ES-MaACL
005 20230906195845.0
007 t|
008 070214s1972 sp r ||||1| spa d
100 1 _aSchenk, Juan Eduardo.
_9104303
245 1 3 _aLa Iglesia busca caminos /
_cJuan E. Schenk.
260 _aValencia :
_bComercial Ed. de Publicaciones,
_c1972.
300 _a236 p. ;
_c22 cm.
490 1 _aCuadernos de Pastoral ;
_v50
830 0 _aCuadernos de Pastoral ;
_v50
_9187018
852 _aES-MaACL
_jC-54248
_bR.80846
999 _c139624
_d139624